000 00236nam a2200097Ia 4500
001 1121485
005 20250827004644.0
008 250824s9999 xx 000 0 und d
245 0 _aKASABA
_cALEIN KENTIGERNA
260 _bPANAMA YAYINLARI
999 _c1121485
_d1121485